Normal view
MARC view
- Jay,James M
Entry Personal Name
001 - CONTROL NUMBER
- control field: 5163
003 - CONTROL NUMBER IDENTIFIER
- control field: OSt
005 - DATE AND TIME OF LATEST TRANSACTION
- control field: 20220203125049.0
008 - FIXED-LENGTH DATA ELEMENTS
- fixed length control field: 220203|| aca||aabn | a|a d
040 ## - CATALOGING SOURCE
- Original cataloging agency: OSt
- Transcribing agency: OSt
100 ## - HEADING--PERSONAL NAME
- Personal name: Jay,James M
670 ## - SOURCE DATA FOUND
- Source citation: Work cat.: (OSt)14434: Jay,James M., Modern Food Microbiology, 2012
